Three human rights in the Constitution of 1787 /

Bibliographic Details
Main Author: Chafee, Zechariah, Jr., 1885-1957
Format: Book
Language:English
Published: Lawrence : University Press of Kansas, [1968]
Subjects:

MARC

Tag First Indicator Second Indicator Subfields
LEADER 00000cam a2200000 4500
001 in00000023243
005 20151007064336.0
008 721213c19681956ksu b 00100 eng d
010 |a  56009451  
035 |a (OCoLC)00513548 
035 |9 AAD9622AM 
040 |c TOL  |d TXA  |d UtOrBLW 
049 |a TXAM  |c [1243259] 
082 0 |a 323.4 
090 |a JC585  |b .C45 1968 
100 1 |a Chafee, Zechariah,  |c Jr.,  |d 1885-1957. 
245 1 0 |a Three human rights in the Constitution of 1787 /  |c With a foreword by Arthur E. Sutherland. 
264 1 |a Lawrence :  |b University Press of Kansas,  |c [1968] 
264 4 |c [©1956] 
300 |a 245 pages ;  |c 22 cm. 
336 |a text  |b txt  |2 rdacontent 
337 |a unmediated  |b n  |2 rdamedia 
338 |a volume  |b nc  |2 rdacarrier 
500 |a KP-5 
500 |a "First Kansas paperback edition 1968." 
504 |a Includes bibliographical references. 
610 1 0 |a Great Britain.  |b Parliament  |x Freedom of debate. 
610 1 0 |a United States.  |b Congress  |x Freedom of debate. 
650 0 |a Attainder. 
650 0 |a Freedom of movement  |z Great Britain. 
650 0 |a Freedom of movement  |z United States. 
999 |a MARS 
999 f f |s 716699ed-2e9c-38b3-a677-b847ace896c4  |i a871d2d9-07ba-305d-b857-5493d73e8bc9  |t 0 
952 f f |p ric  |a Texas A&M University  |b Rellis Campus  |c Joint Library Facility  |d Remote Storage  |t 0  |e JC585 .C45 1968  |h Library of Congress classification  |i unmediated -- volume  |m A14803080030 
998 f f |a JC585 .C45 1968  |t 0  |l Remote Storage